Physical examination and health assessment (Record no. 33543)
[ view plain ]
| 000 -LEADER | |
|---|---|
| fixed length control field | 00501nam a2200193Ia 4500 |
| 020 ## - INTERNATIONAL STANDARD BOOK NUMBER | |
| ISBN | 9781897422182 |
| 050 ## - CALL MARK | |
| Classification number | RC 76 .J37/ |
| 100 ## - STATEMENT OF RESPONSIBILITY--MAIN AUTHOR NAME | |
| Personal name | Jarvis, Carolyn |
| 245 #0 - TITLE STATEMENT | |
| Title | Physical examination and health assessment |
| 250 ## - EDITION / VOLUME STATEMENT | |
| Edition / Volume statement | First Canadian Edition |
| 260 ## - PUBLICATION, DISTRIBUTION, ETC. (IMPRINT) | |
| Place of publication | Toronto |
| 260 ## - PUBLICATION, DISTRIBUTION, ETC. (IMPRINT) | |
| Name of publisher | SAUNDERS Elsevier |
| 260 ## - PUBLICATION, DISTRIBUTION, ETC. (IMPRINT) | |
| Year of publication | 2009 |
| 300 ## - PHYSICAL DESCRIPTION | |
| Number of Pages | 907 p |
| 650 ## - SUBJECT ADDED ENTRY--TOPICAL TERM | |
| Topical Term | Physical diagnosis. Nursing assessment. |
| 942 ## - ADDED ENTRY ELEMENTS (KOHA) | |
| Koha item type | Books |
| Withdrawn status | Lost status | Source of classification or shelving scheme | Damaged status | Not for loan | Permanent Location | Current Location | Date acquired | Accession Number | Price effective from | Koha item type |
|---|---|---|---|---|---|---|---|---|---|---|
| Library of Congress Classification | NILE UNIVERSITY OF NIGERIA - MAIN LIBRARY | NILE UNIVERSITY OF NIGERIA - MAIN LIBRARY | 04/23/2025 | 0195161 | 04/23/2025 | Books |